| 000 | 00994cam a22002653a 4500 | ||
|---|---|---|---|
| 001 | 13415 | ||
| 003 | PGUSA | ||
| 005 | 20140828083304.0 | ||
| 008 | 040909s2004||||xxu|||||s|||||000 1 eng d | ||
| 040 |
_aPGUSA _beng |
||
| 042 | _adc | ||
| 050 | 4 | _aPG | |
| 100 | 1 |
_aChekhov, Anton Pavlovich, _d1860-1904 |
|
| 245 | 1 | 4 |
_aThe Lady with the Dog and other stories _h[electronic resource] / _cAnton Pavlovich Chekhov |
| 260 |
_bProject Gutenberg, _c2004 |
||
| 505 | 0 | _aThe Lady With The Dog -- A Doctor's Visit -- An Upheaval -- Ionitch -- The Head Of The Family -- The Black Monk -- Volodya -- An Anonymous Story -- The Husband. | |
| 506 | _aPublic domain in the USA. | ||
| 516 | _aElectronic text | ||
| 653 | _aChekhov, Anton Pavlovich, 1860-1904 -- Translations into English | ||
| 653 | _aRussia -- Social life and customs -- Fiction | ||
| 700 | 1 |
_aGarnett, Constance, _d1861-1946 |
|
| 830 | 0 |
_aProject Gutenberg _v13415 |
|
| 856 | 4 | 0 | _uhttp://www.gutenberg.org/ebooks/13415 |
| 942 | _cEB | ||
| 999 |
_c242670 _d242670 |
||